Reputace, jméno, image

Čo robia české firmy pre svoje dobré meno, aj ako mu škodia. Adresáti úsilia o dobré meno firmy: zákazníci, dodávatelia výrobkov a služieb, pracovníci firmy, konkurencia, banky, štátna správa, verejnosť. Spôsoby a nástroje: výrobky a služby, informácie, forma, firemná kultúra. Podnikateľská etika -...

Descrizione completa

Salvato in:
Dettagli Bibliografici
Autore principale: Umlaufová, M.
Natura: Capitolo di libro
Lingua:ceco
Soggetti:
Tags: Aggiungi Tag
Nessun Tag, puoi essere il primo ad aggiungerne!!

MARC

LEADER 00000naa a2200000 4500
001 r016961
005 20221208131042.2
041 0 |a cze 
044 |a CZ 
245 1 0 |a Reputace, jméno, image  |c M. Umlaufová 
520 |a Čo robia české firmy pre svoje dobré meno, aj ako mu škodia. Adresáti úsilia o dobré meno firmy: zákazníci, dodávatelia výrobkov a služieb, pracovníci firmy, konkurencia, banky, štátna správa, verejnosť. Spôsoby a nástroje: výrobky a služby, informácie, forma, firemná kultúra. Podnikateľská etika - pilier dobrého mena každej firmy. 
610 2 0 |a firmy 
610 2 0 |a podnik 
610 2 0 |a imidž 
610 2 0 |a zákazníci 
610 2 0 |a služby 
610 2 0 |a výrobky 
610 2 0 |a kultúra podniková 
610 2 0 |a Česko 
610 2 0 |a etika podnikateľská 
100 1 |a Umlaufová, M.